Изменение гидрогеохимических условий при эксплуатации Академического месторождения; Известия Томского политехнического университета [Известия ТПУ]; Т. 312, № 1 : Науки о Земле

Detalles Bibliográficos
Parent link:Известия Томского политехнического университета [Известия ТПУ]/ Томский политехнический университет (ТПУ).— , 2000-
Т. 312, № 1 : Науки о Земле.— 2008.— [С. 59-63]
Outros autores: Дутова Е. М. Екатерина Матвеевна, Вологдина И. В., Покровский Д. С., Заморовская Л. В.
Summary:Заглавие с титульного листа
Электронная версия печатной публикации
Приведены результаты изучения геохимии подземных вод Академического месторождения, использующегося для хозяйственно-питьевого водоснабжения крупного жилого района г. Томска. Приводятся данные об изменении гидрогеохимических показателей в процессе эксплуатации месторождения. Установлено устойчивое во времени повышение в подземных водах величин сульфат-иона и общей жесткости, при одновременном уменьшении концентраций растворенных форм миграции железа. Изменение химического состава воды сопровождается вторичным минералообразованием и формированием осадков на технологическом оборудовании скважин. Осадки представляют собой полиминеральную смесь, в составе которой выделяются оксидная железистая, фосфатная, карбонатная и алюмосиликатная минеральные фазы.
Idioma:ruso
Publicado: 2008
Series:Гидрогеология
Subjects:
Acceso en liña:http://www.lib.tpu.ru/fulltext/v/Bulletin_TPU/2008/v312/i1/10.pdf
Formato: MixedMaterials Electrónico Capítulo de libro
KOHA link:https://koha.lib.tpu.ru/cgi-bin/koha/opac-detail.pl?biblionumber=172899

MARC

LEADER 00000nla2a2200000 4500
001 172899
005 20240205161257.0
035 |a (RuTPU)RU\TPU\book\187517 
035 |a RU\TPU\book\187516 
090 |a 172899 
100 |a 20091216d2008 k y0rusy50 ca 
101 0 |a rus 
102 |a RU 
135 |a drnn ---uucaa 
181 0 |a i  
182 0 |a b 
200 1 |a Изменение гидрогеохимических условий при эксплуатации Академического месторождения  |f Е. М. Дутова [и др.] 
203 |a Текст  |c электронный 
215 |a 1 файл (580 Кб) 
225 1 |a Гидрогеология 
300 |a Заглавие с титульного листа 
300 |a Электронная версия печатной публикации 
320 |a [Библиогр.: с. 63 (6 назв.)] 
330 |a Приведены результаты изучения геохимии подземных вод Академического месторождения, использующегося для хозяйственно-питьевого водоснабжения крупного жилого района г. Томска. Приводятся данные об изменении гидрогеохимических показателей в процессе эксплуатации месторождения. Установлено устойчивое во времени повышение в подземных водах величин сульфат-иона и общей жесткости, при одновременном уменьшении концентраций растворенных форм миграции железа. Изменение химического состава воды сопровождается вторичным минералообразованием и формированием осадков на технологическом оборудовании скважин. Осадки представляют собой полиминеральную смесь, в составе которой выделяются оксидная железистая, фосфатная, карбонатная и алюмосиликатная минеральные фазы. 
337 |a Adobe Reader 
461 1 |0 (RuTPU)RU\TPU\book\176237  |t Известия Томского политехнического университета [Известия ТПУ]  |f Томский политехнический университет (ТПУ)  |d 2000- 
463 1 |0 (RuTPU)RU\TPU\book\187484  |t Т. 312, № 1 : Науки о Земле  |v [С. 59-63]  |d 2008  |p 106 с. 
610 1 |a гидрогеохимические условия 
610 1 |a эксплуатация 
610 1 |a Академическое месторождение 
610 1 |a геохимия 
610 1 |a подземные воды 
610 1 |a хозяйственно-питьевое водоснабжение 
610 1 |a жилые районы 
610 1 |a Томск 
610 1 |a данные 
610 1 |a гидрогеохимические показатели 
610 1 |a сульфат-ионы 
610 1 |a жесткость 
610 1 |a концентрация 
610 1 |a растворенные формы 
610 1 |a железо 
610 1 |a химический состав 
610 1 |a вода 
610 1 |a минералообразование 
610 1 |a осадки 
610 1 |a технологическое оборудование 
610 1 |a скважины 
610 1 |a полиминеральные смеси 
610 1 |a минеральные фазы 
610 1 |a оксидные фазы 
610 1 |a железистые фазы 
610 1 |a фосфатные фазы 
610 1 |a карбонатные фазы 
610 1 |a алюмосиликатные фазы 
610 1 |a труды учёных ТПУ 
610 1 |a электронный ресурс 
701 1 |a Дутова  |b Е. М.  |c гидрогеолог  |c профессор Томского политехнического университета, доктор геолого-минералогических наук  |f 1956-  |g Екатерина Матвеевна  |3 (RuTPU)RU\TPU\pers\26078  |9 11916 
701 1 |a Вологдина  |b И. В. 
701 1 |a Покровский  |b Д. С. 
701 1 |a Заморовская  |b Л. В. 
801 1 |a RU  |b 63413507  |c 20090623  |g PSBO 
801 2 |a RU  |b 63413507  |c 20211118  |g PSBO 
856 4 |u http://www.lib.tpu.ru/fulltext/v/Bulletin_TPU/2008/v312/i1/10.pdf 
942 |c CF